000 01002nam a22002657a 4500
001 113798
003 DR-UNIBE
005 20251107094038.0
008 250627b2015 dr ||||| |||| 00| 0 spa d
040 _aBIBLIOTECA UNIBE
_bspa
_cBIBLIOTECA UNIBE
_erda
041 _aspa
082 _aF-RD 5972
245 1 0 _aPrueba diagnóstica :
_bmanual del docente # 1 : política de apoyo a los aprendizajes de los primeros grados grados del nivel básico en lectura, escritura y matemática
260 _aSanto Domingo :
_bMinisterios de Educación (MINERD) :
_c2013
300 _a20 páginas
490 _aApoyo a los aprendizajes
650 7 _2lemb
_aPersonal docente
650 7 _2lemb
_aMaestros
700 1 _aScheker Mendoza, Ancell
_erevisor
_9107497
700 _aRosoli Murillo, Analia
_eeditor
_927643
700 1 _aMedina, Marolyn
_eilustrador
_9196770
700 1 _aIsaac, Orlando
_edisañador y diagramador
_956272
710 _aOrlando Isaac + Lab srl
_ecorrector
_9196771
942 _2ddc
_cMX
999 _c113798
_d113798